An Introduction To Blender 3D - A Book For Beginners (Record no. 295705)
[ view plain ]
| 000 -LEADER | |
|---|---|
| fixed length control field | 00461nam a2200121Ia 4500 |
| 008 - FIXED-LENGTH DATA ELEMENTS--GENERAL INFORMATION | |
| fixed length control field | 160609s9999 xx 000 0 und d |
| 100 ## - MAIN ENTRY--PERSONAL NAME | |
| Personal name | Blain, John M. |
| 245 #3 - TITLE STATEMENT | |
| Title | An Introduction To Blender 3D - A Book For Beginners |
| 245 ## - TITLE STATEMENT | |
| Statement of responsibility, etc | John M Blain |
| 260 ## - PUBLICATION, DISTRIBUTION, ETC. (IMPRINT) | |
| Date of publication, distribution, etc | 2011 |
| 650 ## - SUBJECT ADDED ENTRY--TOPICAL TERM | |
| General subdivision | 3D MODELING |
| 856 ## - ELECTRONIC LOCATION AND ACCESS | |
| Uniform Resource Identifier | <a href="http://download.blender.org/documentation/pdf/John%20M%20Blain%20-%20An%20Introduction%20To%20Blender%203D%20-%20A%20Book%20For%20Beginners%20%282011%29.pdf">http://download.blender.org/documentation/pdf/John%20M%20Blain%20-%20An%20Introduction%20To%20Blender%203D%20-%20A%20Book%20For%20Beginners%20%282011%29.pdf</a> |
| Withdrawn status | Lost status | Damaged status | Home library | Current library | Date acquired | Total Checkouts | Date last seen | Price effective from | Koha item type |
|---|---|---|---|---|---|---|---|---|---|
| College Library | College Library | 06/09/2016 | 06/09/2016 | 06/09/2016 | Curriculum - Based eBooks |